Catfish and the Bottlemen Lyrics - Fallout - Statistics

General Stats
  • This quiz has been taken 39 times
  • The average score is 200 of 249
Answer Stats
Lyrics % Correct
I
100%
I,
100%
a
96%
to
96%
you
96%
You
96%
always
92%
And
92%
and
92%
in
92%
me
92%
of
92%
When
92%
but
88%
But
88%
fallout
88%
I'm
88%
it
88%
just
88%
my
88%
see
88%
seem
88%
So
88%
that
88%
again
85%
need
85%
no,
85%
we
85%
your
85%
alone
81%
call
81%
call-
81%
it's
81%
leave
81%
Leeds
81%
most
81%
off
81%
pissed
81%
was
81%
don't
77%
fine,
77%
get
77%
got
77%
That's
77%
you'd
77%
at
73%
baby
73%
gets
73%
had
73%
if
73%
matches
73%
night
73%
nobody
73%
Nobody
73%
Oh,
73%
(Ooh)
73%
sleep
73%
sorry
73%
still
73%
struggle
73%
the
73%
why
73%
let
69%
spent
69%
test-
69%
told
69%
tube
69%
'Cause
65%
left
65%
Mary,
65%
she
65%
stuff
65%
thinking
65%
up
65%
yesterday
65%
change
62%
now,
62%
out
62%
straight
62%
who
62%
clothes
58%
for
58%
from
58%
gonna
58%
never
58%
start
58%
calls
54%
ducking
54%
friend
54%
know
54%
lets
54%
place
54%
this
54%
tidied
54%
drove
50%
leaving
50%
things
46%
come
42%
can
38%
changed
38%
how
38%
put
35%
(Woo!)
35%
fear
31%
sometimes
27%
No matching quizzes found
Score Distribution
Percent of People with Each Score
Percentile by Number Answered
Your Score History
You have not taken this quiz